<?xml version="1.0" encoding="UTF-8"?>
<record
    xmlns:xsi="http://www.w3.org/2001/XMLSchema-instance"
    xsi:schemaLocation="http://www.loc.gov/MARC21/slim http://www.loc.gov/standards/marcxml/schema/MARC21slim.xsd"
    xmlns="http://www.loc.gov/MARC21/slim">

  <leader>00487nam a2200193Ia 4500</leader>
  <controlfield tag="008">220531s9999    xx            000 0 und d</controlfield>
  <datafield tag="041" ind1=" " ind2=" ">
    <subfield code="a">eng</subfield>
  </datafield>
  <datafield tag="082" ind1=" " ind2=" ">
    <subfield code="a">-</subfield>
    <subfield code="b">PAN</subfield>
  </datafield>
  <datafield tag="100" ind1=" " ind2=" ">
    <subfield code="a">Panda, D. S.</subfield>
    <subfield code="9">69839</subfield>
  </datafield>
  <datafield tag="245" ind1=" " ind2=" ">
    <subfield code="a">History Of Modern English Literature</subfield>
  </datafield>
  <datafield tag="250" ind1=" " ind2=" ">
    <subfield code="a">1ST</subfield>
  </datafield>
  <datafield tag="260" ind1=" " ind2=" ">
    <subfield code="a">Kanpur</subfield>
    <subfield code="b">Bhaskar pub</subfield>
    <subfield code="c">2012</subfield>
  </datafield>
  <datafield tag="300" ind1=" " ind2=" ">
    <subfield code="a">304</subfield>
  </datafield>
  <datafield tag="542" ind1=" " ind2=" ">
    <subfield code="d">17-04-2015</subfield>
  </datafield>
  <datafield tag="551" ind1=" " ind2=" ">
    <subfield code="a">English</subfield>
    <subfield code="b">Non-grant-ENG</subfield>
  </datafield>
  <datafield tag="650" ind1=" " ind2=" ">
    <subfield code="a">Literature</subfield>
    <subfield code="9">69840</subfield>
  </datafield>
  <datafield tag="906" ind1=" " ind2=" ">
    <subfield code="d">2015-2016</subfield>
    <subfield code="f">8142</subfield>
  </datafield>
  <datafield tag="999" ind1=" " ind2=" ">
    <subfield code="c">39151</subfield>
    <subfield code="d">39151</subfield>
  </datafield>
  <datafield tag="952" ind1=" " ind2=" ">
    <subfield code="0">0</subfield>
    <subfield code="1">0</subfield>
    <subfield code="2">ddc</subfield>
    <subfield code="4">0</subfield>
    <subfield code="7">0</subfield>
    <subfield code="8">English</subfield>
    <subfield code="a">SSMM</subfield>
    <subfield code="b">SSMM</subfield>
    <subfield code="d">2015-05-20</subfield>
    <subfield code="e">Sagar</subfield>
    <subfield code="g">925.00</subfield>
    <subfield code="l">0</subfield>
    <subfield code="n">1</subfield>
    <subfield code="o">-/PAN/B/20619</subfield>
    <subfield code="p">SSMM-BK-20619</subfield>
    <subfield code="r">2022-08-06 00:00:00</subfield>
    <subfield code="w">2022-08-06</subfield>
    <subfield code="y">BK</subfield>
    <subfield code="z">010020619</subfield>
  </datafield>
</record>
